000 00349 a2200157 4500
001 170945
020 _a
040 _cMagnum
100 _aBallestero-Alvarez, Maria Esmeralda
240 1 0 _aEl querer es poder...
_lESP
245 1 0 _aEl querer es poder...
362 0 _a1899
440 1 _aFTD
697 _aLITERATURA ESTRANGEIRA
942 _cBK
999 _c170945
_d170945